Formula one drivers line-up 1982 - Statistics

General Stats
  • This quiz has been taken 176 times
  • The average score is 28 of 44
Answer Stats
Constructor Rounds Driver Nationality % Correct
Brabham 1-3, 5-16 Nelson Piquet Brazil
86%
Williams 1-3, 5-16 Keke Rosberg Finland
81%
Williams 3 Mario Andretti USA
79%
Ferrari 15-16 Mario Andretti USA
79%
McLaren 1-3, 5-16 Niki Lauda Austria
78%
Brabham 1-3, 5-16 Riccardo Patrese Italy
78%
Renault All Alain Prost France
75%
McLaren 1-3, 5-16 John Watson UK
75%
Lotus 1-3, 5-8, 10, 12-16 Nigel Mansell UK
75%
Williams 1-2 Carlos Reutemann Argentina
74%
Renault All René Arnoux France
74%
Williams 5-16 Derek Daly Ireland
73%
Theodore 1-3 Derek Daly Ireland
73%
Ferrari 1-12 Didier Pironi France
73%
Tyrrell All Michele Alboreto Italy
73%
Lotus 1-3, 5-16 Elio de Angelis Italy
72%
Ferrari 1-5 Gilles Villeneuve Canada
72%
Ferrari 9-16 Patrick Tambay France
69%
Alfa Romeo All Andrea de Cesaris Italy
68%
Ligier 1-3, 5-16 Jacques Laffite France
65%
Ligier 1-3, 5-16 Eddie Cheever USA
64%
ATS All Eliseo Salazar Chile
64%
ATS All Manfred Winkelhock Germany
64%
Alfa Romeo All Bruno Giacomelli Italy
62%
Osella All Jean-Pierre Jarier France
62%
Toleman 1-6, 9-16 Derek Warwick UK
60%
Tyrrell 1-3 Slim Borgudd Sweden
60%
Fittipaldi 1-3, 5-16 Chico Serra Brazil
58%
Arrows 5-16 Marc Surer Switzerland
58%
Theodore 5-7, 9-11 Jan Lammers Netherlands
57%
March 1-3, 5-11 Jochen Mass Germany
57%
Tyrrell 4-16 Brian Henton UK
56%
Arrows 1-3 Brian Henton UK
56%
Lotus 9 Roberto Moreno Brazil
56%
Toleman 1-6, 9-16 Teo Fabi Italy
56%
Ensign 1-3, 5-16 Roberto Guerrero Colombia
54%
Lotus 11 Geoff Lees UK
51%
Theodore 8 Geoff Lees UK
51%
Arrows 1-3, 5-16 Mauro Baldi Italy
51%
Osella 1-8 Riccardo Paletti Italy
51%
March 5-9 Emilio de Villota Spain
49%
March 1-3, 5-16 Raul Boesel Brazil
48%
March 12-16 Rupert Keegan UK
46%
Theodore 12-16 Tommy Bryne Ireland
36%
No matching quizzes found
Score Distribution
Percent of People with Each Score
Percentile by Number Answered
Your Score History
You have not taken this quiz